令和以降に開業した駅 - Statistics

General Stats
  • This quiz has been taken 3 times
  • The average score is 20 of 52
Answer Stats
Hint Answer % Correct
2023.08.26 芳賀・高根沢工業団地
100%
2019.11.30 羽沢横浜国大
100%
2019.08.24 令和コスタ行橋
100%
2024.03.23 箕面萱野
50%
2024.03.23 箕面船場阪大前
50%
2024.03.16 越前たけふ
50%
2024.03.16 加木屋中ノ池
50%
2024.03.16 西松任
50%
2023.08.26 宇都宮駅東口
50%
2023.08.26 宇都宮大学陽東キャンパス前
50%
2023.08.26 清原地区市民センター前
50%
2023.08.26 グリーンスタジアム前
50%
2023.08.26 飛山城跡
50%
2023.08.26 東宿郷
50%
2023.08.26 平石
50%
2023.08.26
50%
2023.08.26 ゆいの杜中央
50%
2023.08.26 ゆいの杜西
50%
2023.08.26 ゆいの杜東
50%
2023.08.26 陽東三丁目
50%
2023.03.27 櫛田神社前
50%
2023.03.18 前潟
50%
2022.09.23 嬉野温泉
50%
2022.09.23 新大村、大村車両基地
50%
2022.03.12 新富山口
50%
2022.03.12 ロイズタウン
50%
2021.03.21 龍谷富山高校前(永楽町)
50%
2021.03.13 泉外旭川
50%
2021.03.13 えちご押上ひすい海岸
50%
2020.03.14 高輪ゲートウェイ
50%
2020.03.14 御厨
50%
2020.03.14 南伊予
50%
2019.10.01 石嶺
50%
2019.10.01 浦添前田
50%
2019.10.01 経塚
50%
2019.10.01 てだこ浦西
50%
2024.03.16 桜並木
0%
2023.08.26 駅東公園
0%
2023.08.26 かしの森公園前
0%
2023.08.26 清陵高校前
0%
2023.08.26 芳賀台
0%
2023.08.26 芳賀町工業管理センター前
0%
2023.08.26 平石中央小学校前
0%
2023.03.18 新綱島
0%
2023.03.18 幕張豊砂
0%
2021.03.13 あき総合病院前
0%
2021.03.13 美乃浜学園
0%
2020.11.28 伏石
0%
2020.11.12 門出
0%
2020.10.31 みなみ寄居
0%
2020.06.06 虎ノ門ヒルズ
0%
2020.05.18 新田老
0%
No matching quizzes found
Score Distribution
Percent of People with Each Score
Percentile by Number Answered
Your Score History
You have not taken this quiz